000 00438nam a2200181Ia 4500
008 230524s9999 xx 000 0 und d
020 _a8185015619
082 _a621.3822
_bAHO
100 _aAlfred.V.Aho
245 0 _aPrinciples of Compiler Design
250 _a1ST
260 _aNEW DELHI
_bNorosa
_c1999
300 _aXII;612
500 _aQuantity Number: 45
650 _aComp-Sc
700 _a Jeffrey D.Ullman
942 _cBK
999 _c20671
_d20671